000 00626nam a2200229Ia 4500
003 OSt
005 20220928124255.0
006 a|||||r|||| 00| 0
007 ta
008 220927b |||||||| |||| 00| 0 eng d
024 _a54356
037 _cTextual
040 _aSDCL
_cSDCL
_beng
041 _2eng
_aeng
082 _aR3xM591, J1
100 _aSchilipp Paul Arthur
_9464158
245 0 _aPhilosophy of John Dewey .
260 _aEstablished
_bSouthern Illinois University
_c1971
300 _axv,718p.
_ccm.
942 _hR3xM591, J1
_cTEXL
_2CC
999 _c777037
_d777037